Eswatini-Quiz - Statistiken

Allgemein
  • Dieses Quiz wurde 1.070 mal gespielt
  • Das Durchschnittsergebnis liegt bei 12 aus 20
Antwortstatistiken
Frage Antwort % Korrekt
Nachbarland Südafrika
98%
Nachbarland Mosambik
93%
Offizieller Name Eswatinis bis 2018 Swasiland
93%
Ca. 27.2% der erwachsenen Bevölkerung leidet an diesem Virus HIV
85%
Land, von dem Eswatini 1968 unabhängig wurde Vereinigtes Königreich
85%
Die zweite Amtssprache Eswatinis Englisch
84%
Die zwei anderen Staaten Afrikas, die wie Eswatini auch Monarchien sind (nennen Sie einen) Lesotho | Marokko
84%
Der obige Monarch hat zurzeit 15 ____ - sein Vorgänger hatte 125 Ehefrauen
77%
Der ehemalige König Sobhuza II hatte die längste ____ in der Weltgeschichte Regierungszeit
68%
Wappentier, das den König von Eswatini darstellt Löwe
66%
Hauptstadt von Eswatini Mbabane
62%
Schwarz-weißes Objekt auf der Flagge Schild
50%
Wappentier, das die Königinmutter darstellt Elefant
44%
Währungen von Eswatini (nennen Sie eine) Lilangeni | Rand
43%
Sibebe ist nach Uluru der zweitgrößte _______ der Welt Monolith
42%
Eswatini wurde 1903 nach diesem Krieg zum Protektorat des obigen Landes Zweiter {Buren}krieg
42%
Hauptsprache und wichtigste Ethnie Eswatinis Siswati
36%
Aktueller absoluter Monarch von Eswatini {Mswati} III
22%
Regierungs- und Parlamentsitz von Eswatini Lobamba
18%
Erstreckte Flachlandschaft, aus der das Land hauptsächlich besteht (Anfangsbuchstabe V) Veld
16%
Keine übereinstimmenden Quizze gefunden
Verteilung der Resultate
Anzahl Personen mit jedem Resultat
Perzentil nach korrekt beantworteten Fragen
Ihre Resultats-Entwicklung
Sie haben dieses Quiz noch nicht gespielt